000 00422nam a22001697a 4500
003 MPLRDC
005 20220104124512.0
008 210129b ||||| |||| 00| 0 eng d
082 _a859.61 SJWR v.5
100 _a文杰编著
245 _a航海家: 麦哲伦
_c
260 _a
_b文光出版社
_c1984
300 _b
490 _a世界伟人故事丛书
650 _a人物故事
942 _cBK
_o859.61 SJWR v.5
999 _c19851
_d19841